| 000 | 00634nam a2200241Ia 4500 | ||
|---|---|---|---|
| 003 | OSt | ||
| 005 | 20221007074855.0 | ||
| 006 | a|||||r|||| 00| 0 | ||
| 007 | ta | ||
| 008 | 221006b |||||||| |||| 00| 0 eng d | ||
| 024 | _a7,118 | ||
| 037 | _cTextual | ||
| 040 |
_aFLL _cFLL _beng |
||
| 041 |
_2eng _aeng |
||
| 082 | _aZ:P111:4k, K41.2 | ||
| 100 |
_aPrem Daulat Ram Au. _9681328 |
||
| 245 | 0 | _aJudicial dictionary | |
| 260 |
_aNew Delhi _bArora law house New _c1964 |
||
| 300 |
_a899p _ccm. |
||
| 490 | _vVol.2 | ||
| 942 |
_hZ:P111:4k, K41.2 _cTEXL _2CC |
||
| 999 |
_c1153987 _d1153987 |
||